000 00492nam a22001697a 4500
005 20251108175440.0
008 250721s2013 xx 000 0 ara d
082 1 4 _a956.543/خ
100 1 _aالخريشة, يسرى
245 1 0 _aالتئام معان في بوح الكلام /
264 1 _aعمان :
_bالمؤلف،
_c2013.
650 1 7 _aتاريخ الأردن
653 _aمحافظة معان
700 1 _aأبو الرب, نسرين
942 _2ddc
_cBK
999 _c134366
_d134366